000 00602nam a2200205 a 4500
001 19010
003 CO-ViMGA
008 141112s2004 ck r 000 u spa d
020 _a8471124610
040 _aCO-ViMGA
_bspa
_cCO-ViMGA
082 0 4 _a361.3 H315t
100 1 _aHealy, Karen
_927221
245 1 0 _aTrabajo Social :
_bperspectivas contemporáneas
260 _aMadrid :
_bEdiciones Morata; 2001
300 _a208 p.
490 _aPedagogía : educación crítica
590 _aForma de adquisición : Proyecto 2005 - - Precio :
_ 88.200
650 1 4 _aTRABAJO SOCIAL
_927222
942 _2ddc
_cBK
999 _c28200
_d28200